| 000 | 00852nam a2200241Ia 4500 | ||
|---|---|---|---|
| 003 | GCL | ||
| 008 | 140319s9999 xx 000 0 ara d | ||
| 020 | _a8010369957 | ||
| 040 |
_aGCL / _cGCL |
||
| 082 | 0 | 4 |
_a371.33 _bج م |
| 100 | 1 | _aجميل نعمان شاهين | |
| 245 | 1 | 0 |
_aالمختبر المدرسى ودوره فى تدريس العلوم / _cجميل نعمان شاهين |
| 700 | 1 | _aخولة زهدى حطاب | |
| 250 | _aالاولى | ||
| 260 |
_aالاردن : _bدار عالم الثقافة للنشر والتوزيع ، _c2005 |
||
| 300 |
_a295 ص ؛ _c24 سم |
||
| 650 | 0 | 4 | _aالنشاط المدرسى |
| 650 | 0 | 4 | _aالطلبة - نشاط |
| 650 | 0 | 4 | _aتكنولوجيا التعليم |
| 650 | 0 | 4 | _aالعلوم - تعليم وتدريس |
| 650 | 0 | 4 | _aالمختبرات المدرسية |
| 942 |
_2ddc _cBK |
||
| 999 |
_c10087 _d10087 |
||